Statistieken voor Waar wonen muskusossen?

Klik hier om de quiz te nemen!

Algemene statistieken

  • Deze quiz is 661 keer genomen
  • De gemiddelde score is 5 van 6

Antwoordstatistieken

Landen% Correct
Rusland
96%
Canada
92%
Verenigde Staten
89%
Noorwegen
83%
Zweden
82%
Denemarken (Groenland)
76%

Scoreverdeling

Percentiel versus Aantal Correcte Antwoorden

Procent van Mensen met Elke Score

Uw Scoregeschiedenis

U heeft deze quiz nog niet genomen